000 00648nam a2200181Ia 4500
008 100920s9999 xx 000 0 und d
082 _b86579
_a--- न 01
100 _aसोनवणी संजय.
245 _aआभाळात गेलेली माणसं !.
260 _bपुष्प प्रकाशन लि., पुणे.
_c2001
300 _a132
_bसाधी
365 _b110
520 _aकादंबरी.
630 _aआभाळात गेलेली माणसं !.
650 _aकादंबरी.
730 _aआभाळात गेलेली माणसं !.
942 _cBOOK
999 _c727089
_d727086